000 01005cam a2200289 a 4500
001 13225980
003 OSt
005 20170503152211.0
008 030605s2004 maua 001 0 eng
010 _a 2003052066
020 _a9780321197177
040 _aDLC
_cDLC
_dDLC
050 0 0 _aQA76.73.J3
_bC37 2003
082 0 0 _a005.13/3
_221
100 1 _aCarrano, Frank M.
245 1 0 _aData abstraction and problem solving with Java :
_bwalls and mirrors /
_cFrank M. Carrano, Janet J. Prichard.
250 _aUpdated ed.
260 _aBoston [Mass.] :
_bPearson/Addison Wesley,
_c2004.
300 _axxii, 808 p. :
_bill. ;
_c26 cm.
500 _aIncludes index.
650 0 _aJava (Computer program language)
650 0 _aData structures (Computer science)
700 1 _aPrichard, Janet J.
906 _a7
_bcbc
_corignew
_d1
_eocip
_f20
_gy-gencatlg
942 _2lcc
_cBK
999 _c50214
_d50214